[Event "Berlin-ch Seniors op 39th"]
[Site "Berlin"]
[Date "2023.01.30"]
[Round "7"]
[White "Schubert, Joachim"]
[Black "Kapr, Klaus"]
[Result "1/2-1/2"]
[WhiteElo "1832"]
[BlackElo "1948"]
[PlyCount "23"]
[EventDate "2023.01.24"]
[EventType "swiss"]
[EventRounds "9"]
[EventCountry "GER"]
[SourceTitle "CBM 212 Extra"]
[Source "ChessBase"]
[SourceDate "2023.03.31"]
[SourceVersion "1"]
[SourceVersionDate "2023.03.31"]
[SourceQuality "1"]

1. e4 d5 2. exd5 Nf6 3. c4 e6 4. dxe6 Bxe6 5. Be2 Bc5 6. Nf3 Nc6 7. 0-0 0-0 8. Nc3 Re8 9. d3 Bf5 10. Bg5 Nd4 11. Nxd4 Bxd4 12. Rc1 1/2-1/2

[Event "GER-ch Net blitz qual4"]
[Site "Playchess.com INT"]
[Date "2021.05.10"]
[Round "3"]
[White "Frohnhaeuser, Simon"]
[Black "Schubert, Joachim"]
[Result "1-0"]
[WhiteElo "1975"]
[BlackElo "1722"]
[PlyCount "93"]
[EventDate "2021.05.10"]
[EventType "swiss (blitz)"]
[EventRounds "11"]
[EventCountry "GER"]
[SourceTitle "CBM 202 Extra"]
[Source "ChessBase"]
[SourceDate "2021.07.31"]
[SourceVersion "1"]
[SourceVersionDate "2021.07.31"]
[SourceQuality "1"]

1. Nf3 c5 2. c4 Nc6 3. d4 cxd4 4. Nxd4 Nf6 5. Nc3 e6 6. Ndb5 Qa5 7. Nd6+ Bxd6 8. Qxd6 Qe5 9. Qxe5 Nxe5 10. b3 h6 11. g3 d6 12. Bg2 Rb8 13. Bb2 Ned7 14. 0-0-0 Ke7 15. Nb5 Ne8 16. Nxa7 Nb6 17. Nxc8+ Nxc8 18. e4 Ra8 19. Kb1 Nb6 20. e5 d5 21. cxd5 exd5 22. Bxd5 Nxd5 23. Rxd5 Nc7 24. Rd2 Rhe8 25. Rhd1 Rac8 26. Rd7+ Kf8 27. f4 b5 28. Rc1 Ne6 29. Rxc8 Rxc8 30. Rb7 g5 31. Rxb5 gxf4 32. gxf4 Nxf4 33. Bc1 Nd3 34. Bxh6+ Ke7 35. a4 Rc6 36. a5 Rxh6 37. Kc2 Ne1+ 38. Kc3 Rc6+ 39. Kd4 Ke6 40. Rb6 Kd7 41. Rxc6 Kxc6 42. Ke4 Nc2 43. h4 Kd7 44. h5 Nb4 45. h6 Na6 46. h7 Nc5+ 47. Kf5 1-0

[Event "GER-ch Net blitz qual4"]
[Site "Playchess.com INT"]
[Date "2021.05.10"]
[Round "2"]
[White "Schubert, Joachim"]
[Black "Belikan, Thomas"]
[Result "1-0"]
[WhiteElo "1722"]
[BlackElo "1401"]
[PlyCount "43"]
[EventDate "2021.05.10"]
[EventType "swiss (blitz)"]
[EventRounds "11"]
[EventCountry "GER"]
[SourceTitle "CBM 202 Extra"]
[Source "ChessBase"]
[SourceDate "2021.07.31"]
[SourceVersion "1"]
[SourceVersionDate "2021.07.31"]
[SourceQuality "1"]

1. e4 e6 2. Nf3 d5 3. Nc3 d4 4. Ne2 c5 5. c3 d3 6. Nf4 c4 7. Qa4+ Nc6 8. Qxc4 e5 9. Nxd3 Be6 10. Qb5 Qc7 11. Ndxe5 Bd6 12. Nxc6 bxc6 13. Qg5 g6 14. d4 Be7 15. Qe3 Nf6 16. Bd3 0-0 17. 0-0 c5 18. e5 Ng4 19. Qe2 c4 20. Be4 Rad8 21. Bf4 h5 22. Rad1 1-0

[Event "GER-ch Net blitz qual4"]
[Site "Playchess.com INT"]
[Date "2021.05.10"]
[Round "6"]
[White "Wendland, Guido"]
[Black "Schubert, Joachim"]
[Result "1-0"]
[WhiteElo "1918"]
[BlackElo "1722"]
[PlyCount "99"]
[EventDate "2021.05.10"]
[EventType "swiss (blitz)"]
[EventRounds "11"]
[EventCountry "GER"]
[SourceTitle "CBM 202 Extra"]
[Source "ChessBase"]
[SourceDate "2021.07.31"]
[SourceVersion "1"]
[SourceVersionDate "2021.07.31"]
[SourceQuality "1"]

1. e4 c5 2. Nf3 Nc6 3. d4 cxd4 4. Nxd4 Nf6 5. Nc3 d6 6. Bc4 e6 7. 0-0 Be7 8. a3 0-0 9. Be3 a6 10. Ba2 Bd7 11. Qd2 Rc8 12. h3 Na5 13. f4 Nc4 14. Bxc4 Rxc4 15. e5 Ne8 16. b3 Rc8 17. Ne4 d5 18. Nf2 Qc7 19. Rac1 Qc3 20. Nd1 Qxd2 21. Bxd2 Bxa3 22. Rb1 Bc5 23. c3 Ba7 24. Kh2 Nc7 25. Ne3 Nb5 26. Nxb5 Bxb5 27. Rfe1 Bd3 28. Rb2 Be4 29. c4 Rfd8 30. cxd5 Bxd5 31. Nxd5 Rxd5 32. Re2 h6 33. g4 Rd3 34. b4 Rcd8 35. Kg2 Bd4 36. Rc2 Bb6 37. f5 exf5 38. gxf5 R8d5 39. Bf4 R3d4 40. e6 fxe6 41. fxe6 Rxf4 42. e7 Rg5+ 43. Kh2 Bg1+ 44. Kh1 Rf3 45. e8Q+ Kh7 46. Qe6 Rgg3 47. Rg2 Rxh3+ 48. Kxg1 Re3 49. Qf5+ Kg8 50. Rc8+ 1-0

[Event "GER-ch Net blitz qual3"]
[Site "Playchess.com INT"]
[Date "2021.05.07"]
[Round "2"]
[White "Schubert, Joachim"]
[Black "Beesk, Kevin"]
[Result "1/2-1/2"]
[WhiteElo "1715"]
[BlackElo "2000"]
[PlyCount "117"]
[EventDate "2021.05.07"]
[EventType "swiss (blitz)"]
[EventRounds "11"]
[EventCountry "GER"]
[SourceTitle "CBM 202 Extra"]
[Source "ChessBase"]
[SourceDate "2021.07.31"]
[SourceVersion "1"]
[SourceVersionDate "2021.07.31"]
[SourceQuality "1"]

1. e4 c5 2. Nf3 e6 3. c3 d5 4. exd5 Qxd5 5. d4 Nf6 6. Be3 cxd4 7. Bxd4 Nc6 8. Nbd2 Nxd4 9. Nxd4 a6 10. N2f3 Be7 11. Be2 0-0 12. 0-0 Rd8 13. Qb3 b5 14. Rad1 Bb7 15. Qxd5 Bxd5 16. a3 Rac8 17. Ne5 Nd7 18. Nxd7 Rxd7 19. Bf3 Rcd8 20. Bxd5 Rxd5 21. Rde1 Bc5 22. Nb3 Bb6 23. Re2 Kf8 24. g3 a5 25. Kg2 a4 26. Na1 Rd2 27. Rfe1 Ke7 28. Nc2 Bc5 29. Kf3 h6 30. Rxd2 Rxd2 31. Re2 Rxe2 32. Kxe2 Kd6 33. f4 e5 34. fxe5+ Kxe5 35. Kd3 Kd5 36. h3 f5 37. Ne1 Bf2 38. Nf3 Bxg3 39. Nd4 f4 40. Nxb5 g5 41. Nd4 h5 42. c4+ Kd6 43. Ne2 Bf2 44. Ke4 Be3 45. Nc3 Kc5 46. Nxa4+ Kxc4 47. Nc3 g4 48. hxg4 hxg4 49. Nd1 Bd2 50. b4 g3 51. Kf3 Bc1 52. a4 Kxb4 53. a5 Kxa5 54. Nc3 Kb4 55. Ne2 Be3 56. Nxg3 fxg3 57. Kxe3 g2 58. Kf2 g1Q+ 59. Kxg1 1/2-1/2

[Event "GER-ch Net blitz qual1"]
[Site "Playchess.com INT"]
[Date "2021.04.24"]
[Round "11"]
[White "Halt, David"]
[Black "Schubert, Joachim"]
[Result "1-0"]
[WhiteElo "1914"]
[BlackElo "1701"]
[PlyCount "67"]
[EventDate "2021.04.24"]
[EventType "swiss (blitz)"]
[EventRounds "11"]
[EventCountry "GER"]
[SourceTitle "CBM 202 Extra"]
[Source "ChessBase"]
[SourceDate "2021.07.31"]
[SourceVersion "1"]
[SourceVersionDate "2021.07.31"]
[SourceQuality "1"]

1. e4 c5 2. Nc3 Nc6 3. f4 d6 4. Nf3 e6 5. g3 Nf6 6. Bg2 Be7 7. 0-0 Bd7 8. h3 0-0 9. g4 a6 10. d3 Qc7 11. Ne2 d5 12. e5 Ne8 13. Ng3 f6 14. exf6 Bxf6 15. c3 b5 16. g5 Be7 17. h4 b4 18. Qe2 Bd6 19. Nh2 Bxf4 20. Bxf4 Rxf4 21. Rxf4 Qxf4 22. Qg4 Qe3+ 23. Kh1 Qxd3 24. cxb4 Nxb4 25. Rf1 Nd6 26. Qf4 Nf5 27. Nxf5 exf5 28. a3 Nc2 29. Qd6 Rd8 30. Qe7 Re8 31. Qxd7 Qe2 32. Rxf5 Nd4 33. Qf7+ Kh8 34. Qf8+ 1-0

[Event "GER-ch Net blitz qual1"]
[Site "Playchess.com INT"]
[Date "2021.04.24"]
[Round "4"]
[White "Im Sande, Frank"]
[Black "Schubert, Joachim"]
[Result "1/2-1/2"]
[WhiteElo "1523"]
[BlackElo "1701"]
[PlyCount "175"]
[EventDate "2021.04.24"]
[EventType "swiss (blitz)"]
[EventRounds "11"]
[EventCountry "GER"]
[SourceTitle "CBM 202 Extra"]
[Source "ChessBase"]
[SourceDate "2021.07.31"]
[SourceVersion "1"]
[SourceVersionDate "2021.07.31"]
[SourceQuality "1"]

1. d4 f5 2. g3 Nf6 3. Bg2 e6 4. Nf3 c6 5. 0-0 d5 6. c4 Bd6 7. b3 0-0 8. Ba3 Bxa3 9. Nxa3 Nbd7 10. Nc2 Ne4 11. Nce1 Ndf6 12. Nd3 Bd7 13. Nfe5 Be8 14. f3 Nd6 15. Nf4 Qe7 16. Ned3 g5 17. Nh3 h6 18. Nc5 Rb8 19. Nf2 e5 20. dxe5 Qxe5 21. Ncd3 Qe3 22. c5 Nb5 23. Qc1 Qxc1 24. Raxc1 Bg6 25. f4 Rfe8 26. Ne5 Kg7 27. Nfd3 Nd4 28. e3 Ne6 29. b4 Rbd8 30. Rfd1 Ne4 31. a4 d4 32. exd4 Rxd4 33. Nxg6 Kxg6 34. Ne5+ Kf6 35. Rxd4 Nxd4 36. Rd1 Rd8 37. Kf1 Nc3 38. Ra1 Nc2 39. Rc1 Ne3+ 40. Kg1 Ne2+ 41. Kf2 Nxc1 42. Kxe3 Na2 43. b5 cxb5 44. axb5 Nc3 45. b6 axb6 46. cxb6 Na4 47. Bxb7 Nc5 48. Bf3 Rb8 49. Nc4 Ke7 50. Kd4 Ne6+ 51. Ke5 gxf4 52. gxf4 Kd7 53. Kxf5 Nd4+ 54. Ke4 Nxf3 55. Kxf3 Kc6 56. Kg4 Kc5 57. Ne5 Kd5 58. Kh5 Rxb6 59. Nd7 Rd6 60. Nf8 Ke4 61. Ng6 Kf5 62. Nh4+ Kxf4 63. Ng6+ Kf5 64. Nh4+ Kf4 65. Ng6+ Kf3 66. Kxh6 Kg2 67. h4 Kh3 68. h5 Ra6 69. Kg7 Kg4 70. h6 Kg5 71. Nf8 Rxh6 72. Kf7 Ra6 73. Ke7 Kf5 74. Kf7 Rb6 75. Ke8 Rb7 76. Nd7 Ra7 77. Ke7 Rb7 78. Kd6 Kg6 79. Ne5+ Kg7 80. Kd5 Kf6 81. Nc4 Rb5+ 82. Kc6 Rb1 83. Nd6 Ke6 84. Nb5 Rb2 85. Kc5 Ke5 86. Kc4 Ke6 87. Nd4+ Kd7 88. Nb5 1/2-1/2

[Event "GER Cup Net Final-B U2000"]
[Site "Playchess.com INT"]
[Date "2020.06.06"]
[Round "4"]
[White "Friedrich, Karl"]
[Black "Schubert, Joachim"]
[Result "1-0"]
[WhiteElo "1747"]
[BlackElo "1779"]
[PlyCount "71"]
[EventDate "2020.06.06"]
[EventType "swiss (blitz)"]
[EventRounds "13"]
[EventCountry "GER"]
[SourceTitle "CBM 197 Extra"]
[Source "ChessBase"]
[SourceDate "2020.09.30"]
[SourceVersion "1"]
[SourceVersionDate "2020.09.30"]
[SourceQuality "1"]

1. Nf3 c5 2. c4 Nc6 3. Nc3 e6 4. g3 d6 5. Bg2 Bd7 6. 0-0 a6 7. e3 Nf6 8. d4 cxd4 9. exd4 Rc8 10. b3 Be7 11. Qc2 0-0 12. Bd2 Qc7 13. Ne4 Nd8 14. Bg5 Kh8 15. Nxf6 gxf6 16. Bh6 Rg8 17. Rad1 Rg6 18. Be3 Bc6 19. Qc1 b6 20. Nh4 Rg8 21. Bxc6 Qxc6 22. Ng2 f5 23. d5 exd5 24. Rxd5 Ne6 25. Rxf5 f6 26. Nf4 Ng7 27. Rd5 b5 28. Nh5 Qxd5 29. cxd5 Rxc1 30. Rxc1 Nf5 31. Bd2 Bd8 32. Nf4 Bb6 33. Rc6 Bd4 34. Rxa6 Rc8 35. Nh5 Rc2 36. Ra8+ 1-0

[Event "GER Cup Net Final-B U2000"]
[Site "Playchess.com INT"]
[Date "2020.06.06"]
[Round "13"]
[White "Radi, Guenter"]
[Black "Schubert, Joachim"]
[Result "1-0"]
[WhiteElo "1525"]
[BlackElo "1779"]
[PlyCount "107"]
[EventDate "2020.06.06"]
[EventType "swiss (blitz)"]
[EventRounds "13"]
[EventCountry "GER"]
[SourceTitle "CBM 197 Extra"]
[Source "ChessBase"]
[SourceDate "2020.09.30"]
[SourceVersion "1"]
[SourceVersionDate "2020.09.30"]
[SourceQuality "1"]

1. d4 f5 2. Nf3 Nf6 3. c4 c6 4. Nc3 e6 5. e3 d5 6. cxd5 exd5 7. Bd3 Ne4 8. Qc2 Bb4 9. 0-0 Bxc3 10. bxc3 Nd7 11. c4 Ndf6 12. cxd5 cxd5 13. Ne5 0-0 14. f3 Nd6 15. Ba3 Re8 16. Qb3 b6 17. Rac1 Be6 18. Rc6 Nf7 19. Rfc1 Nxe5 20. dxe5 Nd7 21. f4 Qh4 22. Qc2 Nf8 23. Bxf5 Bxf5 24. Qxf5 b5 25. g3 Qd8 26. Rd6 Qa5 27. Qd3 b4 28. Bb2 Qxa2 29. Qxd5+ Qxd5 30. Rxd5 a5 31. Rcc5 a4 32. Ra5 a3 33. Bd4 Ne6 34. Rxa8 Rxa8 35. Rb5 a2 36. Ba1 Ra4 37. Kf1 Nc7 38. Rb8+ Kf7 39. Rb7 Ke6 40. Rxc7 g5 41. Rb7 g4 42. Ke2 Kd5 43. Kd3 Ra3+ 44. Kc2 Kc5 45. Kd2 b3 46. e6 b2 47. Rxb2 Kd6 48. f5 h5 49. Rb6+ Kc7 50. e7 Kd7 51. Rb7+ Ke8 52. f6 Ra6 53. Rb8+ Kf7 54. e8Q# 1-0

[Event "GER Cup Net Final-B U2000"]
[Site "Playchess.com INT"]
[Date "2020.06.06"]
[Round "3"]
[White "Schubert, Joachim"]
[Black "Meschke, Andreas"]
[Result "0-1"]
[WhiteElo "1779"]
[BlackElo "1867"]
[PlyCount "78"]
[EventDate "2020.06.06"]
[EventType "swiss (blitz)"]
[EventRounds "13"]
[EventCountry "GER"]
[SourceTitle "CBM 197 Extra"]
[Source "ChessBase"]
[SourceDate "2020.09.30"]
[SourceVersion "1"]
[SourceVersionDate "2020.09.30"]
[SourceQuality "1"]

1. e4 e5 2. Nf3 Nc6 3. Bb5 Bb4 4. c3 Ba5 5. 0-0 Nge7 6. d4 exd4 7. cxd4 d5 8. e5 0-0 9. Bg5 Bg4 10. h3 Bxf3 11. gxf3 Bb6 12. Bxc6 bxc6 13. Nc3 Qd7 14. Kh2 h6 15. Be3 Ng6 16. Rg1 Qf5 17. Rg3 Rfe8 18. Qe2 Nf4 19. Qf1 Nh5 20. Rg4 Qxf3 21. Qd1 Qf5 22. Qg1 Re6 23. Qg3 Nxg3 24. Rxg3 Rg6 25. Rag1 Rxg3 26. Rxg3 Kh7 27. Ne2 Qc2 28. Nf4 Qxb2 29. Nh5 Rg8 30. Rf3 Bxd4 31. Bf4 Bxf2 32. e6 Bh4+ 33. Kg1 fxe6 34. Be3 Qb1+ 35. Kh2 Qg6 36. Nf4 Qe4 37. Kg2 Rf8 38. a4 Rxf4 39. Bxf4 Qe2+ 0-1

[Event "GER Cup Net Final-B U2000"]
[Site "Playchess.com INT"]
[Date "2020.06.06"]
[Round "9"]
[White "Schubert, Joachim"]
[Black "Voigt, Detlev"]
[Result "1-0"]
[WhiteElo "1779"]
[BlackElo "1734"]
[PlyCount "111"]
[EventDate "2020.06.06"]
[EventType "swiss (blitz)"]
[EventRounds "13"]
[EventCountry "GER"]
[SourceTitle "CBM 197 Extra"]
[Source "ChessBase"]
[SourceDate "2020.09.30"]
[SourceVersion "1"]
[SourceVersionDate "2020.09.30"]
[SourceQuality "1"]

1. e4 c6 2. d4 d5 3. Nc3 dxe4 4. Nxe4 Bf5 5. Ng3 Bg6 6. Nf3 h6 7. Bd3 Bxd3 8. Qxd3 Nf6 9. 0-0 e6 10. Re1 Be7 11. Bf4 0-0 12. Rad1 Nbd7 13. c3 Qa5 14. Qb1 Rfe8 15. Ne5 Nxe5 16. Bxe5 Rad8 17. h3 c5 18. Ne2 cxd4 19. Nxd4 Rd5 20. Bh2 Bd6 21. Bxd6 Rxd6 22. Nb3 Qc7 23. Nd4 a6 24. Nf3 Rxd1 25. Qxd1 Rd8 26. Qe2 Qa5 27. a3 Nd5 28. Ne5 Qb6 29. Qf3 Nf6 30. Qe2 Rd5 31. Nf3 Qd8 32. Nd4 e5 33. Nf3 e4 34. Nd4 Rd7 35. Qe3 Qb6 36. Re2 Re7 37. Qg3 Qc7 38. Qh4 Qe5 39. f4 Qh5 40. Qf2 b5 41. Re3 Nd5 42. g4 Qg6 43. Nf5 Re8 44. Re1 e3 45. Qf3 e2 46. Qxd5 Qb6+ 47. Nd4 Qb8 48. Nxe2 Qb6+ 49. Qd4 Qg6 50. Kf2 h5 51. Ng3 hxg4 52. Rxe8+ Kh7 53. Qe4 Qxe4 54. Nxe4 gxh3 55. Kg3 h2 56. Kxh2 1-0

[Event "GER Cup Net V4 U2000"]
[Site "Playchess.com INT"]
[Date "2020.05.31"]
[Round "5"]
[White "Schubert, Joachim"]
[Black "Isele, Thomas"]
[Result "0-1"]
[WhiteElo "1796"]
[BlackElo "1905"]
[PlyCount "100"]
[EventDate "2020.05.31"]
[EventType "swiss (blitz)"]
[EventRounds "9"]
[EventCountry "GER"]
[SourceTitle "EXT 2021"]
[Source "ChessBase"]
[SourceDate "2020.10.23"]
[SourceVersion "1"]
[SourceVersionDate "2020.10.23"]
[SourceQuality "1"]

1. e4 c5 2. Nf3 Nc6 3. d4 cxd4 4. Nxd4 Nf6 5. Nc3 e6 6. Be2 a6 7. a4 d6 8. 0-0 Be7 9. Kh1 Qc7 10. f4 0-0 11. Bf3 Nxd4 12. Qxd4 Bd7 13. Be3 Bc6 14. Qd2 Rfd8 15. Qf2 Rd7 16. Bb6 Qc8 17. h3 Bd8 18. Be3 Be7 19. Rad1 b5 20. axb5 axb5 21. e5 dxe5 22. fxe5 Rxd1 23. Bxd1 b4 24. exf6 Bxf6 25. Ne2 Qd7 26. Bd4 e5 27. Bc5 Ra1 28. Qe1 Qd5 29. Rg1 Qxc5 30. c3 Ba4 31. Qd2 bxc3 32. Nxc3 Bxd1 33. Rxd1 Rxd1+ 34. Qxd1 h6 35. Ne4 Qe7 36. Qd5 Qd8 37. Qc6 Kh7 38. b4 Bg5 39. Nd6 Qf6 40. Kg1 Be3+ 41. Kh2 Qf4+ 42. Kh1 Qf1+ 43. Kh2 Bf4+ 44. g3 Qf2+ 45. Kh1 Qe1+ 46. Kg2 Qxg3+ 47. Kf1 Qxh3+ 48. Ke2 Qe3+ 49. Kf1 Qc1+ 50. Kg2 Qxc6+ 0-1

[Event "GER Cup Net V4 U2000"]
[Site "Playchess.com INT"]
[Date "2020.05.31"]
[Round "8"]
[White "Schubert, Joachim"]
[Black "Kozik, Andreas"]
[Result "1-0"]
[WhiteElo "1796"]
[BlackElo "1722"]
[PlyCount "83"]
[EventDate "2020.05.31"]
[EventType "swiss (blitz)"]
[EventRounds "9"]
[EventCountry "GER"]
[SourceTitle "EXT 2021"]
[Source "ChessBase"]
[SourceDate "2020.10.23"]
[SourceVersion "1"]
[SourceVersionDate "2020.10.23"]
[SourceQuality "1"]

1. e4 g6 2. d4 Bg7 3. Be2 d6 4. c4 Nc6 5. Be3 e5 6. d5 Nd4 7. Nc3 c5 8. dxc6 bxc6 9. Nf3 c5 10. 0-0 Nf6 11. Bg5 h6 12. Bxf6 Bxf6 13. Nd5 Bg7 14. Nxd4 cxd4 15. f4 Be6 16. f5 Bxd5 17. cxd5 Qb6 18. Qd3 gxf5 19. Rxf5 Ke7 20. Raf1 f6 21. Qg3 Rhg8 22. Bh5 Bh8 23. Qh4 Qxb2 24. g3 Rg5 25. R5f2 Qb6 26. Qh3 Kf8 27. Qe6 Qc7 28. Rxf6+ Bxf6 29. Rxf6+ Kg7 30. Rf7+ Qxf7 31. Qxf7+ Kh8 32. Qf6+ Rg7 33. Qxh6+ Kg8 34. Qxd6 Rf8 35. Qe6+ Kh8 36. Qxe5 Rfg8 37. Qxd4 Kh7 38. Bf3 Rf7 39. Bg2 Rgf8 40. e5 Rb7 41. h3 Rb1+ 42. Kh2 1-0

[Event "GER Cup Net V3 U2000"]
[Site "Playchess.com INT"]
[Date "2020.05.27"]
[Round "5"]
[White "Schliedermann, Mario"]
[Black "Schubert, Joachim"]
[Result "0-1"]
[WhiteElo "1614"]
[BlackElo "1727"]
[PlyCount "88"]
[EventDate "2020.05.27"]
[EventType "swiss (blitz)"]
[EventRounds "9"]
[EventCountry "GER"]
[SourceTitle "EXT 2021"]
[Source "ChessBase"]
[SourceDate "2020.10.23"]
[SourceVersion "1"]
[SourceVersionDate "2020.10.23"]
[SourceQuality "1"]

1. e4 c5 2. d3 Nc6 3. f4 e6 4. Nf3 d5 5. Be2 Bd6 6. 0-0 f6 7. Nc3 d4 8. Nb5 Bb8 9. c3 a6 10. Na3 dxc3 11. bxc3 Nge7 12. Nc2 0-0 13. d4 cxd4 14. cxd4 Ng6 15. g3 Ba7 16. Be3 Qa5 17. Qd3 Nb4 18. Nxb4 Qxb4 19. Rab1 Qa4 20. Qb3 Qd7 21. a4 Rb8 22. Kh1 b6 23. Bc4 Kh8 24. Rfd1 Re8 25. f5 exf5 26. exf5 Nf8 27. Bd3 Bb7 28. Be2 Qxf5 29. Rf1 Qe4 30. Kg1 Qxe3+ 31. Qxe3 Rxe3 32. Bc4 Rxf3 33. Rfe1 b5 34. axb5 Bxd4+ 35. Kg2 Rc3+ 36. Kh3 Rxc4 37. bxa6 Bc8+ 38. g4 Rxb1 39. Rxb1 h5 40. Rb8 hxg4+ 41. Kh4 Kh7 42. h3 Ng6+ 43. Kh5 Nf4+ 44. Kh4 Bf2# 0-1

[Event "GER Cup Net V3 U2000"]
[Site "Playchess.com INT"]
[Date "2020.05.27"]
[Round "3"]
[White "Schubert, Joachim"]
[Black "Vieten, Mario"]
[Result "0-1"]
[WhiteElo "1742"]
[BlackElo "1550"]
[PlyCount "73"]
[EventDate "2020.05.27"]
[EventType "swiss (blitz)"]
[EventRounds "9"]
[EventCountry "GER"]
[SourceTitle "EXT 2021"]
[Source "ChessBase"]
[SourceDate "2020.10.23"]
[SourceVersion "1"]
[SourceVersionDate "2020.10.23"]
[SourceQuality "1"]

1. e4 g6 2. d4 Nf6 3. Nc3 d5 4. e5 Nh5 5. Be2 Ng7 6. h4 h5 7. Nh3 c6 8. Ng5 Bf5 9. f3 b5 10. g4 hxg4 11. fxg4 b4 12. gxf5 bxc3 13. fxg6 fxg6 14. bxc3 Nf5 15. Bg4 Rxh4 16. Qf3 Rxh1+ 17. Qxh1 e6 18. Qh7 Qe7 19. Qxg6+ Kd7 20. Nxe6 Qh4+ 21. Kd1 Qh1+ 22. Kd2 Qg2+ 23. Ke1 Qh1+ 24. Kf2 Qh2+ 25. Ke1 Qh1+ 26. Kd2 Qg2+ 27. Be2 Qxg6 28. Nc5+ Kc7 29. c4 Bxc5 30. dxc5 d4 31. Bd3 Na6 32. c3 Nxc5 33. cxd4 Nxd3 34. Kxd3 Ng3+ 35. Kc3 Rb8 36. Bf4 Ne2+ 37. Kd2 0-1